Questions-réponses sur Valenciennes - Statistiques

Statistiques générales
  • Ce quiz a été pris 118 fois
  • Le résultat moyen est 8 sur 16
Statistiques - réponses
Questions Réponses % Correct
Pays dont la frontière se situe à treize kilomètres au bas mot de Valenciennes. La Belgique
96%
Point cardinal qui donne son nom au département dans lequel se situe Valenciennes. Le nord
96%
Fleuve qui traverse Valenciennes. L'Escaut
85%
Roche sédimentaire combustible qui fut jadis extraite à la Fosse Dutemple, la plus célèbre fosse ouverte par la Compagnie des mines d'Anzin dans le Valenciennois, et dont le chevalement en béton armé existe toujours. Le charbon
76%
Course cycliste, reine des classiques, qui passe chaque année entre Valenciennes et la ville précédente. Paris-Roubaix
67%
Épidémie qui sévit dans le Valenciennois après la terrible famine de 1008. Selon une tradition locale, la très sainte Vierge Marie a alors déroulé autour de la cité un cordon qui, miraculeusement, protégea ses habitants de la maladie, ce qui donna lieu à un pèlerinage qui perdure jusqu'à nos jours. La peste
58%
Homme d'affaires qui perdit sa licence de dirigeant de club de football après une vaste tentative de corruption lors de la rencontre opposant Marseille à Valenciennes en 1993. Bernard Tapie
49%
Aviateur français qui passa son adolescence à Valenciennes. Il est peut-être le premier homme à avoir accompli la traversée de l'Atlantique en avion, avant Charles Lindbergh, mais disparut en vol et son avion n'a jamais été retrouvé. Il a donné son nom à l'aéroport de Valenciennes ainsi qu'à un centre aquatique dans la ville. Charles Nungesser
49%
Ville de la grande banlieue de Valenciennes, jadis situé au cœur du bassin minier de la région. La ville organise chaque année son Grand Prix cycliste professionnel, course remportée en 2019 par Mathieu van der Poel. Denain
39%
Acteur comique né à Valenciennes en 1934, connu pour ses rôles dans les films de ou écrit par Francis Veber comme "Les Compères" ou "Le Grand blond avec une chaussure noire". Pierre Richard
39%
Province historique de la France qui correspond peu ou prou au département précédent et dans laquelle se situe Valenciennes. La Flandre
32%
Céramique fine et translucide qui fit la renommée de la ville au XVIIIe siècle. La porcelaine
30%
Acteur comique né à Valenciennes en 1919, connu pour ses rôles dans "La Septième Compagnie" et dans les quatre premiers "Gendarme". Jean Lefebvre
25%
Sport dans lequel évoluent les "Vipères de Valenciennes". Le base-ball
24%
Empereur qui fit sa "Joyeuse Entrée" dans la ville en 1524. Charles Quint
23%
Ordre religieux auquel appartenaient les onze bienheureuses (béatifiées en 1920) martyres de Valenciennes, dont Mère Clotilde Angèle, guillotinées entre le 17 et 23 octobre 1794 (après la fin officielle de la "Terreur" révolutionnaire) pour avoir refusé de renoncer à enseigner. Les Ursulines
10%
Aucun quiz correspondant
Distribution des résultats
% des personnes avec chaque résultat
Percentile par nombre de réponses
Votre historique - résultats
Vous n’avez pas pris ce quiz